Process systems analysis and control (Record no. 13575)

000 -LEADER
fixed length control field 00578nam a22002051 4500
001 - CONTROL NUMBER
control field 13575
003 - CONTROL NUMBER IDENTIFIER
control field BD-DhUET
008 - FIXED-LENGTH DATA ELEMENTS--GENERAL INFORMATION
fixed length control field 730306s1965 nyua b 000 0 eng
040 ## - CATALOGING SOURCE
Original cataloging agency DLC
Transcribing agency DLC
Modifying agency BD-DhUET
082 ## - DEWEY DECIMAL CLASSIFICATION NUMBER
Classification number 660.284
Item number COU/1965
100 1# - MAIN ENTRY--PERSONAL NAME
Personal name Coughanowr, Donald R.
245 10 - TITLE STATEMENT
Title Process systems analysis and control
250 ## - EDITION STATEMENT
Edition statement 1st ed.
260 ## - PUBLICATION, DISTRIBUTION, ETC. (IMPRINT)
Place of publication, distribution, etc. New York
Name of publisher, distributor, etc. McGraw-Hill
Date of publication, distribution, etc. 1965
300 ## - PHYSICAL DESCRIPTION
Extent xii, 491 p.
Other physical details ill.
Dimensions 21 cm.
490 ## - SERIES STATEMENT
Series statement McGraw-Hill chemical engineering series
650 #0 - SUBJECT ADDED ENTRY--TOPICAL TERM
Topical term or geographic name as entry element Control devices process engineering
700 ## - ADDED ENTRY--PERSONAL NAME
Personal name Koppel, Lowell B.
942 ## - ADDED ENTRY ELEMENTS (KOHA)
Koha item type General Book
Holdings
Koha date last seen Koha full call number Not for loan Piece designation (barcode) Location (home branch) Koha date last borrowed Koha normalized classification for sorting Koha issues (times borrowed) Withdrawn status Source of classification or shelving scheme Price effective from Sublocation or collection (holding branch) Koha item type Damaged status Date acquired Lost status Copy number Shelving location
2015-03-03660.284/COU/1965 29699Central Library, BUET 660_284000000000000_COU_1965   2015-03-03Central Library, BUETGeneral Book 2015-03-03 1Circulation section
2017-05-09660.284/COU/1965 29689Central Library, BUET2017-05-09660_284000000000000_COU_19651  2015-03-03Central Library, BUETGeneral Book 2015-03-03 2Circulation section
2015-03-03660.284/COU/1965 29697Central Library, BUET 660_284000000000000_COU_1965   2015-03-03Central Library, BUETGeneral Book 2015-03-03 3Circulation section
2015-03-03660.284/COU/1965 29692Central Library, BUET 660_284000000000000_COU_1965   2015-03-03Central Library, BUETGeneral Book 2015-03-03 4Circulation section
2015-03-03660.284/COU/1965 29698Central Library, BUET 660_284000000000000_COU_1965   2015-03-03Central Library, BUETGeneral Book 2015-03-03 5Circulation section
2015-03-03660.284/COU/1965 29690Central Library, BUET 660_284000000000000_COU_1965   2015-03-03Central Library, BUETGeneral Book 2015-03-03 6Circulation section
2015-03-03660.284/COU/1965 29688Central Library, BUET 660_284000000000000_COU_1965   2015-03-03Central Library, BUETGeneral Book 2015-03-03 7Cataloging to Circulation
2015-03-04660.284/COU/1965 34519Central Library, BUET 660_284000000000000_COU_1965   2015-03-04Central Library, BUETGeneral Book 2015-03-04 8Circulation section
2015-05-11660.284/COU/1965 29694Central Library, BUET 660_284000000000000_COU_1965   2015-05-11Central Library, BUETGeneral Book 2015-05-11 9Circulation section
2015-05-11660.284/COU/1965 29696Central Library, BUET 660_284000000000000_COU_1965   2015-05-11Central Library, BUETGeneral Book 2015-05-11 10Circulation section
2015-05-13660.284/COU/1965 29695Central Library, BUET 660_284000000000000_COU_1965   2015-05-13Central Library, BUETGeneral Book 2015-05-13 11Circulation section
2015-05-14660.284/COU/1965 17869Central Library, BUET 660_284000000000000_COU_1965   2015-05-14Central Library, BUETGeneral Book 2015-05-14 12Circulation section
2015-05-18660.284/COU/1965 15822Central Library, BUET 660_284000000000000_COU_1965   2015-05-18Central Library, BUETGeneral Book 2015-05-18 13Circulation section
2015-06-20660.284/COU/1965 29700Central Library, BUET 660_284000000000000_COU_1965   2015-06-20Central Library, BUETGeneral Book 2015-06-20 14Reading section
2015-06-20660.284/COU/1965 29701Central Library, BUET 660_284000000000000_COU_1965   2015-06-20Central Library, BUETGeneral Book 2015-06-20 15Reading section
2015-07-10660.284/COU/1965 16716Central Library, BUET 660_284000000000000_COU_1965   2015-07-10Central Library, BUETGeneral Book 2015-07-10 16Circulation section